Datum a čas kvízu
11.5
Celkem bodů
Celkový počet nahraných bodů na tomto kvízu bez doplňovacích otázek.
8.
Pořadí na kvízu
Konečné umístění týmu na tomto kvízu.
Zaznamenané odpovědi
| # | Otázka | Odpověď | Body | Výsledky |
|---|---|---|---|---|
| 1. | Podle průzkumu společnosti Saf... | 0 | ||
| 2. | Francouzský prezident Emmanuel... | 0 | ||
| 3. | Unikátní hliněnou figurku z pr... | 1 | ||
| 4. | Desítky nových "hackerů" ročně... | 0 | ||
| 5. | Minulý týden začala první cykl... | 0 | ||
| 6. | Košile patří k základním typům... | 0 | ||
| 7. | Dámská obdoba košile se nejčas... | 0 | ||
| 8. | Jak se jmenuje tento politik,... | 0 | ||
| 9. | Balada Svatební košile je souč... | 1 | ||
| 10. | Polotriko, zkráceně polo, je j... | 1 |